00925nam a2200229 a 450000100100000000500170001000800410002702000150006804000250008308200170010810000250012524500840015026000710023430000230030565000240032865000250035265000310037770000340040895201150044295201210055799900170067800002416120260120073950.0110119s1987 xxu r 000 0 spa d z0311460847 aDO-SdBNPbspacBNPHU a248.4bM423c1 aMaston, T. B.94961110aCómo vivir en el mundo de hoy /cT. B. Maston ; traducción Rubén Zorzoli. aNew York, Estados Unidos :bCasa Bautista de Publicaciones,c1987. a110 p. ;c21.5 cm. 0aVida cristiana9668 0aVida espiritual9268 0aEducación religiosa96821 aZorzoli, Rubén,etr.949612 001050718MOaGRbGRcHDd2011-01-19iLF1l0o248.4 M423cp24161-10r2020-06-25w2020-06-25y1ZNo se presta 001150718MOaGRbGRcMId2017-06-06iLF1l0o248.4 M423cp24161-20r2020-06-25te. 2w2020-06-25y1ZNo se presta c23655d23655